Ojos, orejas y pecas / (Registro nro. 10066)
[ vista simple ]
| 000 -CABECERA | |
|---|---|
| Longitud fija campo de control | 00889nam a2200277 a 4500 |
| 003 - • IDENTIFICADOR DELl NÚMERO DE CONTROL | |
| Identificador del número de control | CO-ViMGA |
| 008 - • CÓDIGOS DE INFORMACIÓN DE LONGITUD FIJA | |
| Códigos de información de longitud fija | 141112s2004 ck r 000 u spa d |
| 020 ## - • NÚMERO INTERNACIONAL NORMALIZADO PARA LIBROS | |
| Número Internacional Normalizado para Libros (ISBN) | 9580212341 (colección) |
| 040 ## - FUENTE DE LA CATALOGACIÓN | |
| Centro catalogador de origen | CO-ViMGA |
| Lengua de catalogación | spa |
| Centro transcriptor | CO-ViMGA |
| 082 04 - • NÚMERO DE LA CLASIFICACIÓN DECIMAL DEWEY | |
| Número de clasificación (R) | I813.44 R15o |
| 100 1# - • PUNTO DE ACCESO PRINCIPAL-NOMBRE DE PERSONA | |
| Nombre de persona | Ramírez G., Ana |
| 245 10 - • TITULO PROPIAMENTE DICHO | |
| Título | Ojos, orejas y pecas / |
| Mención de responsabilidad, etc. | [Ana Ramírez G] ilustraciones de Nelson Hernández |
| 300 ## - • DESCRIPCIÓN FÍSICA | |
| Extensión | 32 p. : il. ; 48 cm |
| 490 0# - • MENCIÓN DE SERIE | |
| Mención de serie | Libro gigante para lectura compartida |
| 591 ## - | |
| -- | D 8 160335 Dep.Leg. 1997 |
| 650 14 - • PUNTO DE ACCESO ADICIONAL DE MATERIA - TÉRMINO DE MATERIA | |
| Término de materia o nombre geográfico como elemento inicial | Cuentos infantiles colombianos |
| 700 1# - • PUNTO DE ACCESO ADICIONAL - NOMBRE DE PERSONA | |
| Nombre de persona | Hernández, Nelson, il. |
| 917 ## - | |
| -- | 3481 970922 |
| 930 ## - EQUIVALENCIA O SECCIÓN-REFERENCIA-TÍTULO ENCABEZAMIENTO UNIFORME [LOCAL, CANADA] | |
| T&íacute;tulo uniforme | cjo cjo |
| 942 ## - ENTRADA DE ELEMENTOS AGREGADOS (KOHA) | |
| Fuente de clasificaión o esquema | Dewey Decimal Classification |
| Koha [por defecto] tipo de item | LIbro |
| 949 ## - TRATAMIENTO DE LA INFORMACIÓN LOCAL (OCLC) | |
| a | D 8 D.SAMPER LIB/MODER LIB/MODER LIBRO DEP/LEGAL GENERAL Y Y |
| Perdido | Fuente de clasificación o esquema | Estado Físico | No para préstamo | Forma de adquisición | Localización permanente | Localización actual | Fecha adquisición | Serie de enumeración / cronolog&íacute;a | Préstamos totales | Signatura completa | Código de barras | Fecha última consulta | Número de copia | Fecha del precio de reemplazo | Tipo de item de Koha |
|---|---|---|---|---|---|---|---|---|---|---|---|---|---|---|---|
| Dewey Decimal Classification | Sala General | Estacion de Lectura Apiay - Villavicencio | Estacion de Lectura Apiay - Villavicencio | 12/04/2015 | 17/feb/2015 | I813.44 R15o | 28238 | 12/04/2015 | Ej. 1 | 12/04/2015 | LIbro |